01743nam a2200397Ii 4500001001200000003000800012006001900020007001500039008004100054020002700095020001800122020001500140035002100155040002600176043001200202050001600214245029900230246008400529264011200613300003400725336002600759337002600785338003600811490004700847500004900894504005200943546005700995650002801052650003001080655002201110700003401132700002901166700003101195830004701226856007201273DIGOCTA1524NyNyDIGm o d cr |||||||||||130601s2012 sp o 000 0 spa d a9788499213156q(eBook) z9788499212913 z8499212913 a(OCoLC)888273684 aDGITAbengepncDGITA ae-sp---14aLA918 eBook03aLa formación del profesorado novel en la Universidad de Barcelona =bTeaching training of novice university teachers at the University of Barcelona /ccoordinador, Juan Antonio Amador Campos ; autores, Juan Antonio Amador Campos, Salvador Carrasco Calvo, Amelia Díaz Álvarez ... [et al.].31aTeaching training of novice university teachers at the University of Barcelona. 1aBarcelona :bEditorial Octaedro :bUniversitat de Barcelona, Institut de Ciències de l'Educació,c2010. a1 online resource (86 pages)  atextbtxt2rdacontent acomputerbc2rdamedia aonline resourcebcr2rdacarrier1 aCuadernos de docencia universitaria ;v24. a"Primera edición digital: septiembre 2012. aIncludes bibliographical references (p. 63-64). aText in Spanish ; abstracts in English and Spanish.  0aCollege teacherszSpain 0aEducation, HigherzSpain. 0aElectronic books.1 aAmador Campos, Juan Antonio. 1 aCarrasco Calvo, Salvador1 aDíaz Álvarez, Amelia.  0aCuadernos de docencia universitaria ;v24.403Digitalia Hispánicauhttps://www.digitaliapublishing.com/a/19177/